Name Every World Cup Nations Highest Rated Fifa 23 Player - Statistics

General Stats
  • This quiz has been taken 202 times
  • The average score is 18 of 32
Answer Stats
Hint Answer % Correct
Argentina Lionel Messi
99%
Brazil Neymar
92%
Belgium Kevin De Bruyne
89%
Portugal Cristiano Ronaldo
87%
France Kylian Mbappe
86%
England Harry Kane
85%
Croatia Luka Modric
84%
Canada Alphonso Davies
80%
Netherlands Virgil van Dijk
78%
South Korea Son Heung-min
77%
Senegal Sadio Mane
75%
Costa Rica Keylor Navas
74%
Wales Gareth Bale
72%
Poland Robert Lewandowski
72%
Morocco Achraf Hakimi
70%
Germany Manuel Neuer
70%
USA Christian Pulisic
65%
Uruguay Federico Valverde
56%
Iran Mehdi Taremi
46%
Switzerland Yann Sommer
45%
Serbia Sergej Milinkovic-Savic
39%
Mexico Raul Jimenez
36%
Ghana Thomas Partey
36%
Australia Mathew Ryan
33%
Ecuador Pervis Estupinan
27%
Qatar Akram Afif
26%
Denmark Pierre-Emile Hojbjerg
26%
Saudi Arabia Salem al Dawsari
26%
Cameroon Andre Onana
24%
Spain Aymeric Laporte
16%
Tunisia Ellyes Skhiri
11%
Japan Daichi Kamada
1%
No matching quizzes found
Score Distribution
Percent of People with Each Score
Percentile by Number Answered
Your Score History
You have not taken this quiz